TTMD by Machine Gun Kelly track list - Statystyki

Ogólne statystyki
  • Ten quiz został rozwiązany 4 razy
  • Średni wynik to 7 z 15
Statystyki odpowiedzi
feat track % Poprawnych
Halsey forget me too
100%
bloody valentine
67%
blackbear my ex's best friend
67%
iann dior nothing inside
67%
Trippie Redd all i know
33%
banyan tree
33%
concert for aliens
33%
drunk face
33%
jawbreaker
33%
kevin and barracuda
33%
kiss kiss
33%
lonely
33%
play this when i'm gone
33%
title track
33%
WWIII
33%
Nie znaleziono quizów pasujących do podanych kryteriów
Rozkład punktacji
Procent ludzi z każdym wynikiem
Percentyl według liczby udzielonych odpowiedzi
Twoja historia wyników
Nie rozwiązałeś tego quizu